|
|
|
|
| LEADER |
00000cam a2200000 7i4500 |
| 001 |
0000003188 |
| 005 |
20050310.0 |
| 020 |
0 |
0 |
|a 0851995519
|
| 090 |
0 |
0 |
|a 577.3276
|b IMP
|
| 245 |
0 |
0 |
|a The impact of carbon dioxide and other greenhouse gases on forest ecosystems : :
|b report no. 3 of the IUFRO Task Force on Environmental Change
|c edited by David F. Karnosky ... [et al.].
|
| 260 |
0 |
0 |
|a New York : :
|b CABI Pub., in association with the International Union of Forestry Research Organizations, (IUFRO), ,
|c c2001.
|
| 300 |
|
|
|a ix, 357 p. : :
|b ill. ; ;
|c 24 cm.
|
| 440 |
0 |
0 |
|a IUFRO research series ;
|v 8
|
| 650 |
0 |
0 |
|a Atmospheric carbon dioxide
|x Environmental aspects.
|
| 650 |
0 |
0 |
|a Forest ecology.
|
| 650 |
0 |
0 |
|a Forest plants
|x Effect of atmospheric carbon dioxide on.
|
| 650 |
0 |
0 |
|a Forest plants
|x Effect of greenhouse gases on.
|
| 650 |
0 |
0 |
|a Greenhouse gases
|x Environmental aspects.
|
| 650 |
0 |
0 |
|a Trees
|x Effect of atmospheric carbon dioxide on.
|
| 650 |
0 |
0 |
|a Trees
|x Effect of greenhouse gases on.
|
| 700 |
1 |
1 |
|a Karnosky, David, ,
|d 1949-
|
| 710 |
2 |
1 |
|a IUFRO Task Force on Environmental Change.
|
| 999 |
|
|
|a 0000006136
|b Monograph
|c Open Shelf
|e Default branch
|